000 00652nam a2200217 a 4500
001 000019552
005 20200929170045.0
008 100630s1983 sp r 000 f spa d
020 _a8427938543
040 _aDO-SdBNP
_bspa
_cBNPHU
082 _a853.914
_bF194h
100 1 _aFallaci, Oriana
_d1929-2006
_941963
245 1 3 _aUn hombre :
_bnovela /
_cOriana Fallaci ; traducción Vicente Villacampa.
250 _a7a ed.
260 _aBarcelona :
_bEditorial Noguer,
_c1983.
300 _a461 p. ;
_c22 cm.
650 4 _aNovela italiana
_94322
650 4 _aLiteratura italiana
_93329
700 1 _aVillacampa, Vicente,
_etr.
_913769
049 _aBNGR
999 _c19068
_d19068